Diary of a Wimpy Kid Character Quiz - Statistics

General Stats
  • This quiz has been taken 367 times
  • The average score is 8 of 16
Answer Stats
Hint Answer % Correct
#1's Younger Brother Manny
97%
#1's Older Brother Rodrick
96%
#1's Best Friend Rowley
82%
Main Character Gregory
81%
#1's Dog in "Dog Days" Sweetie
59%
Weirdo Fregley
58%
#1's Main Crush Holly Hills
55%
The European Singer who #7 looks up to Joshie
49%
The guy who gets all the girls Bryce Anderson
37%
Small friend of #1 and also got pranked by #1 a couple of times Chirag Gupta
37%
#7's Father Mr. Jefferson
37%
#2's Band Member Bill
35%
#7's Mother Mrs. Jefferson
35%
Annoying girl that #1 hates Patty Farrell
30%
#1's Father Mr. Heffley
29%
#1's Mother Mrs. Heffley
29%
No matching quizzes found
Score Distribution
Percent of People with Each Score
Percentile by Number Answered
Your Score History
You have not taken this quiz